00453nam a2200145Ia 4500008004100000024004400041082001700085100004900102110002400151245002200175260002600197600004200223650002500265999001700290260210s9999 xx 000 0 und d a20B-067-SE, 20B-127-SE & 20B-106-SE a005.1072 ATH aJaveria Athar, Naiha Zafar & Ayesha Rauf aEngr. Rabbia Zuberi 0aHelmSecure Vision aKarachi:bUITU,c2020 aBachelor of Software Engineering (SE) aSoftware Engineering c33510d33510